Jeopardy Questions Amy Schneider Missed - Statistics

General Stats
  • This quiz has been taken 1,050 times
  • The average score is 3 of 11
Answer Stats
Hint Answer % Correct
The only nation in the world whose name in English ends in an h, it’s also one of the 10 most populous Bangladesh
73%
60,000 are at rest in a national memorial cemetery opened in 1949 in the crater of an extinct volcano in this state Hawaii
62%
In December 2020 an international agreement added nearly 3 feet to this; one surveyor lost half a toe in the effort Mount Everest
36%
On his deathbed in France in 1890, he told his brother, “the sadness will last forever” Vincent van Gogh
26%
One of the screenwriters of this 2001 film described it as “‘Clueless’ meets ‘The Paper Chase’” Legally Blonde
21%
From the Greek for “ring”, the first ones were built by the Romans, including one that could hold 250,000 Circus
19%
Of their July 1957 first meeting at a church fair, one of this pair recalled: “I was a fat schoolboy… he was drunk” John Lennon & Paul McCartney
17%
In 1752 one of the first races in this sport was run--4 miles from Buttevant Church to St. Mary’s Doneraile Steeplechase
16%
In 1838 he took a new last name, of a family in Walter Scott’s “The Lady of the Lake”; for distinction he added a 2nd “s” to the end Frederick Douglass
14%
France’s national theater award, it’s named for a man who died in Paris in 1673 Molière
11%
Each in a show that ran more than 2 years, Ethel Merman & Sarah Jessica Parker played 2 different characters with this first name Annie
9%
No matching quizzes found
Score Distribution
Percent of People with Each Score
Percentile by Number Answered
Your Score History
You have not taken this quiz